000 01068nam a2200241Ia 4500
001 243-QUE mi sa (20154)
003 IT-MiSPE
008 171229s9999||||xx |||||||||||||| ||und||
040 _aIT-MiSPE
_cIT-MiSPE
041 _aITALIANO
100 _aMichel Quesnel
240 _aLa sagesse chrétienne: Un art de vivre
245 0 _aLa saggezza cristiana arte del vivere
250 _a1a ed. (v)
260 _aCinisello B.mo
_bSan Paolo
_c2008
300 _a176 p.
_c20 cm
490 _aParole per lo Spirito
_v18
501 _aEdizioni San Paolo srl - Piazza Soncino, 5 - 20092 CINISELLO BALSAMO (MI) (non commercial uses only) ® Copyright 2018
700 _aEleonora Bellini
_g(traduzione)
942 _cBK
957 _71
999 _a7217
_bNO
_g Copie: 1
_c342388
_d342388